000 01361nam a2200337 a 4500
001
003 DO-SdBNP
005 20221006092254.0
008 140326s2014 dr 000 0 spa d
020 _a9789993450146
040 _aDO-SdBNP
_bspa
_cBPMSU
082 _a323.622
_bM516v 2014
_222
100 1 _aMejía Gómez, Manuel Z.
245 1 0 _aVidas truncadas :
_bestudio sociológico sobre el impacto de la falta de documentos de identidad en la escolaridad de menores de ascendencia haitiana en República Dominicana. El caso de San Pedro de Macorís /
_cManuel Z. Mejía Gómez, César Cuello Nieto.
260 _aSanto Domingo :
_bFLACSO,
_c2014.
300 _a332 p. ;
_c23 cm.
500 _aIncluye referencias bibliográficas y notas al pie de las páginas
504 _aBibliografía p : 303-320.
590 _aInventariado, 2022/VM
650 4 _aNiños
_xEstado legal, legislación, etc.
_zRepública Dominicana
650 4 _aHijos de inmigrantes
_xDerechos civiles
_zRepública Dominicana
650 4 _aCédula de ciudadanía
_zRepública Dominicana
650 4 _aTarjeta de identidad
_zRepública Dominicana
651 4 _aRepública Dominicana
_xCondiciones sociales
651 4 _a
655 _a
700 1 _aCuello Nieto, César
710 _aFLACSO Programa (República Dominicana)
910 _aVMateo V./Validado
942 _2ddc
_cBK
999 _c14299
_d14299